| 000 | 00608nam a2200241Ia 4500 | ||
|---|---|---|---|
| 003 | OSt | ||
| 005 | 20250909154731.0 | ||
| 008 | 210423s1995 xx 000 0 und d | ||
| 020 | _a77079167 | ||
| 040 | _cAL | ||
| 041 | _aEnglish | ||
| 082 |
_a330 _223 _bNOBE |
||
| 100 |
_aJack Nobbs _990164 |
||
| 245 |
_aEconomics _b: a core text |
||
| 250 | _a4 | ||
| 260 |
_aLondon _bTata McGrawhill _c1995 |
||
| 300 |
_axii,403p. _bPB _c24.5x19cm. |
||
| 365 |
_b495 _cINR |
||
| 650 |
_2Economics _aEconomics _9238459 |
||
| 700 |
_aHopkins, Ian _9238460 |
||
| 906 | _acore ; Economics: ; text. | ||
| 942 |
_2ddc _cBK |
||
| 999 |
_c160655 _d160655 |
||